| 000 | 00504nam a2200193Ia 4500 | ||
|---|---|---|---|
| 005 | 20250312071257.0 | ||
| 008 | 240331s9999 xx 000 0 und d | ||
| 020 | _a0415105625 | ||
| 082 |
_a301.01 _bZUR _23959 |
||
| 100 | _aZurbrugg, N | ||
| 245 | 4 | _aThe Parameters of Postmodernism | |
| 260 |
_aLondon, _bRoutledge _c1993 |
||
| 260 |
_aCarbondale, _bSouthern Illinois University Press _c1993 |
||
| 300 | _axvi, 184 p., | ||
| 650 | _aPostmodernism | ||
| 650 | _aCulture | ||
| 650 | _aArt | ||
| 942 | _cL | ||
| 999 |
_c1059 _d1059 |
||